| 000 | 00659cab a2200217 4500 | ||
|---|---|---|---|
| 001 | WB3309-27 | ||
| 008 | 090401t1997 xxu||||| |||| 00| 0 eng d | ||
| 035 | _a(Sirsi) u59836 | ||
| 041 | _aeng | ||
| 245 | _aWhen the party`s over | ||
| 260 | _c1997 | ||
| 350 | _a0 | ||
| 490 |
_aIndependent _v22 February 1997, 21(1) |
||
| 520 | _aDiscusses the effect the Party Wall Act 1996 is likely to have on disputes between neighbours when it comes into force. | ||
| 650 |
_aBoundary disputes _96221 |
||
| 650 | _aPARTY WALL ETC ACT 1996 | ||
| 650 |
_aParty walls _96258 |
||
| 690 | _aHIGHWAYS RIGHTS OF WAY AND EASEMENTS | ||
| 942 | _n0 | ||
| 948 | _c04/03/1997 | ||
| 999 |
_c36797 _d36797 |
||